90s Cartoons by Characters - Statistics

General Stats
  • This quiz has been taken 77 times
  • The average score is 11 of 24
Answer Stats
Hint Answer % Correct
Patrick Star, Sandy Cheeks Spongebob SquarePants
98%
Eric Cartman, Kyle Broflovski South Park
95%
Tommy Pickles, Chuckie Finster Rugrats
90%
Dexter, Dee-Dee Dexter’s Laboratory
83%
Philip J. Fry, Bender Futurama
80%
Professor Utonium, Mojo Jojo The Powerpuff Girls
75%
Jean Grey, Charles Xavier X-Men: The Animated Series
72%
Miss Frizzle, Arnold The Magic School Bus
65%
Rocko, Heffer Wolfe Rocko’s Modern Life
62%
Daria Morgendoffer, Jane Lane Daria
48%
Helga Pataki, Grandpa Sid Hey Arnold!
48%
Dale Gribble, John Redcorn King of the Hill
47%
Stimpson J. Cat, Powdered Toast Man Ren and Stimpy
47%
Daggett Beaver, Norbert Beaver Angry Beavers
33%
Ashley Spinelli, T.J. Detweiler Recess
33%
Patti Mayonnaise, Skeeter Valentine Doug
30%
Terry McGinnis, Bruce Wayne Batman Beyond
25%
Drake Mallard, Megavolt Darkwing Duck
23%
Zorak, Moltar Space Ghost: Coast to Coast
22%
Eric Duckman, Cornfed Pig Duckman
20%
Rolf, Nazz Ed, Edd, n’ Eddy
18%
Oblina, Krumm Aaah!!! Real Monsters
17%
Kwame, Ma-Ti Captain Planet and the Planeteers
12%
Andy French, Kevin French Mission Hill
3%
No matching quizzes found
Score Distribution
Percent of People with Each Score
Percentile by Number Answered
Your Score History
You have not taken this quiz